000 00555nam a2200217Ia 4500
005 20250425160836.0
008 250425s9999 xx 000 0 und d
020 _a058244524 8
041 _aeng
082 _a623.81
100 _aRAWSON, K. J.
245 0 _aBASIC SHIP THEORY
250 _aS.E.
260 _aLONDON
260 _aReino Unido
_bLONGMAN GROUP LIMITED
_c1976
300 _a340
500 _a12280 V.1; 12281 V.2. EN CIB-FIMCBOR D-61662 VOL.1: CHAPTERS 1 TO 9
650 _aARQUITECTURA NAVAL
942 _c01
010 _a6608
999 _c197291
_d197291